| 000 | 00614nam a22001937a 4500 | ||
|---|---|---|---|
| 005 | 20250305163034.0 | ||
| 008 | 250305b ||||| |||| 00| 0 spa d | ||
| 020 | _a950-29-0359-5 | ||
| 082 | 1 | 4 |
_214 _a306.3 |
| 100 | 1 |
_93725 _aChomsky, Noam |
|
| 245 | 1 | 3 |
_aLa sociedad global : _beducación, mercado y democracia / _cNoam Chomsky y Heinz Dieterich |
| 250 | _a2a ed. | ||
| 260 |
_aBuenos Aires : _bOficina de Publicaciones CBC, _c1997 |
||
| 300 | _a181 p. | ||
| 650 | 2 | 7 |
_9401 _aGLOBALIZACION _2unescot |
| 650 | 2 | 7 |
_93789 _aSOCIEDAD CONTEMPORÁNEA _2unescot |
| 700 |
_93726 _aDieterich, Heinz |
||
| 942 |
_2ddc _cLIBRO |
||
| 999 |
_c10801 _d10801 |
||
| 980 |
_619226 _a Palazón Marcela I. _819226 _g Palazón Marcela I. |
||